Statistics for European Global Cities

Click here to take the quiz!

General Stats

  • This quiz has been taken 91 times
  • The average score is 41 of 48

Answer Stats

TierAnswer% Correct
Alpha++London
100%
AlphaAmsterdam
99%
AlphaMadrid
99%
Alpha+Paris
99%
Beta+Rome
99%
Beta+Barcelona
98%
Beta+Berlin
98%
AlphaMilan
98%
Alpha -Stockholm
96%
AlphaBrussels
95%
Beta+Budapest
95%
Beta+Copenhagen
94%
AlphaFrankfurt
94%
Alpha -Lisbon
94%
BetaOslo
94%
Alpha -Prague
94%
Alpha -Warsaw
93%
Alpha -Dublin
91%
AlphaMoscow
91%
BetaAthens
90%
Beta -Manchester
90%
Beta -St Petersburg
90%
BetaHelsinki
89%
Alpha -Munich
89%
Alpha -Vienna
89%
Alpha -Zurich
88%
Beta+Hamburg
86%
BetaKiev
85%
Beta -Lyon
85%
Beta+Bucharest
84%
Gamma+Rotterdam
79%
Beta -Belgrade
78%
Alpha -Istanbul
78%
Beta -Geneva
77%
Gamma+Glasgow
77%
Gamma+Porto
77%
Beta -Zagreb
77%
Beta -Sofia
75%
Beta -Stuttgart
75%
Beta -Edinburgh
74%
Beta -Bratislava
73%
Gamma+Cologne
73%
Beta+Dusseldorf
73%
Gamma+Riga
73%
Gamma+Antwerp
67%
Gamma+Belfast
60%
Gamma+Ljubljana
59%
Alpha -Luxembourg
58%

Score Distribution

Percentile by Number Answered

Percent of People with Each Score

Your Score History

You have not taken this quiz